00494nam a22001217a 4500008004100000020001800041082002800059245011000087260005000197300002200247440003700269650006600306160204b xxu||||| |||| 00| 0 eng d a9781420072082 222a620.11223bDEV 2008 aDevelopments in high-temperature corrosion and protection of materialscedited by Wei Gao and Zhengwei li aBoca raton, USA:bWoodhead pulishing;cc2008. axiii, 639p:bill; aWoodhead publishing in materials 2Materials at high temperaturesaCorrosion and anti-corrosives